000
00305nam a2200121 a 4500
005
20140412111415.0
008
070711s19uu xx 00 eng d
020
_a
0-86611-470-x
050
_a
ER
_b
Pa11 1996
245
_a
Paint with water.
260
_a
New York :
_b
Playmore Inc,
_c
1996.
999
_c
105815
_d
105815